00873nam a2200169 a 4500090002100000041000800021100004000029245006600069260005300135300000900188520029500197650003800492650003100530945001500561773011200576999001500688 aIAVHb00765 CD-1 aspa aVera Ardila, Mónica Lucía92039 aListado de los géneros de malacofauna terrestre de Colombia aBogotábInstituto Alexander von Humboldtc2004 a5 p. aSe realizó una revisión bibliográfica de las familias de moluscos terrestres del país y a partir de esta se generó un listado con 80 géneros de moluscos terrestres presentes en Colombia. Adicionalmente, se realizó la documentación de metadatos mediante la aplicación M3Cat aRevisión bibliográfica992482 aMoluscos terrestres992483 d2007-08-160 0598699704abdBogotá Informatica documental 2007o024802tInformes de investigaciones IAVH en PDFwxz c6010d6010